00749nam a22002057a 4500003000400000005001700004008004100021022001300062040001500075050002100090245012100111260005400232300002300286650003100309650002200340650004400362650005900406650003600465700004200501OSt20260526160019.0260526b |||||||| |||| 00| 0 eng d a27903869 aKABUcKABU aKSK12b.K33 2025 aKabarak Law Review Volume 4 (2025) :bAn African union fit for the next 25 years /cKabarak University School of Law aNakuru, Kenya :bKabarak University Press, c2025 aviii, 282p. ; 25cm aLaw and governance zKenya aAfrican Union Law aHuman rights and social justicexAfrica aPostcolonialism and decolonisationxLegal perspectives aPolice accountabilityzCameroon aOngiri, Elvis MogesaeEditor-in-chief